[Event "Netanya op"]
[Site "Netanya"]
[Date "2019.06.28"]
[Round "6"]
[White "Lifshits, Raz"]
[Black "Tartakovsky, Daniel"]
[Result "1/2-1/2"]
[WhiteElo "1751"]
[BlackElo "2034"]
[PlyCount "111"]
[EventDate "2019.06.23"]
[EventType "swiss"]
[EventRounds "9"]
[EventCountry "ISR"]
[SourceTitle "CBM 191 Extra"]
[Source "ChessBase"]
[SourceDate "2019.09.30"]
[SourceVersion "1"]
[SourceVersionDate "2019.09.30"]
[SourceQuality "1"]

1. e4 c5 2. Nf3 d6 3. c3 Nf6 4. Be2 Nbd7 5. d3 g6 6. 0-0 Bg7 7. a4 b6 8. h3 0-0 9. Be3 a6 10. c4 Bb7 11. Nh2 Ne8 12. Qd2 e6 13. f4 d5 14. Bf3 Qe7 15. g4 Nc7 16. g5 b5 17. e5 bxc4 18. dxc4 h5 19. Qe2 Rab8 20. b3 d4 21. Bc1 Bxf3 22. Rxf3 Rb7 23. h4 Nb8 24. Nd2 Nc6 25. Ba3 Rfb8 26. Qd1 Na5 27. Nhf1 Bf8 28. Ng3 Ne8 29. Nge4 Qc7 30. Rd3 Ng7 31. Nf6+ Kh8 32. Qf3 Nf5 33. Qh3 Ne3 34. Rb1 Naxc4 35. Bc1 Nxd2 36. Bxd2 Nf5 37. Rc1 Qc6 38. Rc4 Be7 39. Bc1 Rb4 40. Rc2 Qb7 41. Ba3 Ne3 42. Rxe3 dxe3 43. Bxb4 Qxb4 44. Qxe3 Qxb3 45. Qxb3 Rxb3 46. Kg2 Rb4 47. Kf3 Rxa4 48. Rd2 Rd4 49. Ra2 Rd8 50. Rxa6 Kg7 51. Rc6 Rd3+ 52. Kg2 Rd8 53. Rc7 Bf8 54. Nd7 Ra8 55. Nxc5 Bxc5 56. Rxc5 1/2-1/2

[Event "ISR-chT U18"]
[Site "Hakfar Hayarok"]
[Date "2014.08.21"]
[Round "7.13"]
[White "Tartakovsky, Daniel"]
[Black "Reshef, Omer"]
[Result "0-1"]
[WhiteElo "1966"]
[BlackElo "2220"]
[PlyCount "76"]
[EventDate "2014.08.19"]
[EventType "team"]
[EventRounds "7"]
[EventCountry "ISR"]
[SourceTitle "EXT 2015"]
[Source "ChessBase"]
[SourceDate "2014.11.20"]
[SourceVersion "1"]
[SourceVersionDate "2014.11.20"]
[SourceQuality "1"]

1. d4 Nf6 2. c4 e6 3. g3 b6 4. Bg2 d5 5. Nf3 Bb7 6. cxd5 exd5 7. 0-0 g6 8. Nc3 Bg7 9. Ne5 0-0 10. b4 Ne4 11. Qb3 a5 12. b5 c5 13. bxc6 Nxc6 14. Nxc6 Bxc6 15. Be3 Nxc3 16. Qxc3 Bb5 17. Qb2 Bc4 18. a4 b5 19. axb5 Rb8 20. Ra3 Rxb5 21. Qd2 Qb6 22. Rfa1 Ra8 23. Rc3 Rb8 24. Rca3 Rb1+ 25. Bf1 Rxa1 26. Rxa1 Ra8 27. Bg2 Bf8 28. Bh6 Bxh6 29. Qxh6 Qb2 30. Rd1 a4 31. Qg5 Qxe2 32. Rc1 Qa2 33. h4 a3 34. h5 Qb2 35. h6 Qxc1+ 36. Qxc1 a2 37. Qf4 a1Q+ 38. Kh2 Qa3 0-1

[Event "EU-ch U16 23rd"]
[Site "Budva"]
[Date "2013.10.06"]
[Round "7"]
[White "Tartakovsky, Daniel"]
[Black "Taylor, Adam C"]
[Result "1/2-1/2"]
[WhiteElo "1990"]
[BlackElo "2034"]
[PlyCount "109"]
[EventDate "2013.09.29"]
[EventType "swiss"]
[EventRounds "9"]
[EventCountry "MNE"]
[SourceTitle "CBM 156 Extra"]
[Source "ChessBase"]
[SourceDate "2013.10.22"]
[SourceVersion "1"]
[SourceVersionDate "2013.10.22"]
[SourceQuality "1"]

1. d4 Nf6 2. c4 e6 3. g3 c5 4. d5 exd5 5. cxd5 d6 6. Nc3 g6 7. Nf3 Bg7 8. Bg2 0-0 9. 0-0 Re8 10. Nd2 a6 11. a4 Nbd7 12. h3 Rb8 13. Nc4 Ne5 14. Nxe5 Rxe5 15. Qd3 Re8 16. g4 h5 17. g5 Nd7 18. Qg3 Ne5 19. Ne4 Bf5 20. Nf6+ Bxf6 21. gxf6 Qxf6 22. Bg5 Qg7 23. e4 Bd7 24. Qh4 f5 25. Bf6 Qf7 26. Ra3 f4 27. Qxf4 Rf8 28. Bxe5 Qxf4 29. Bxf4 Rxf4 30. Re1 Kg7 31. a5 Kf6 32. Rb3 Ke5 33. Bf1 Rxe4 34. Rxe4+ Kxe4 35. Bxa6 Bxh3 36. Rb6 Ke5 37. Bxb7 Bc8 38. Bc6 Rxb6 39. axb6 Kd4 40. b7 Bxb7 41. Bxb7 Kd3 42. Ba6+ Kc2 43. f4 Kxb2 44. Bd3 Kc3 45. Bxg6 Kd4 46. Bxh5 Ke4 47. Kf2 Kxf4 48. Bf7 Ke4 49. Ke2 Kd4 50. Kd2 c4 51. Kc2 c3 52. Kb3 Kd3 53. Kb4 c2 54. Bg6+ Kd4 55. Bxc2 1/2-1/2

[Event "EU-ch U16 23rd"]
[Site "Budva"]
[Date "2013.10.01"]
[Round "3"]
[White "Tartakovsky, Daniel"]
[Black "Christiansen, Johan Sebastian"]
[Result "0-1"]
[WhiteElo "1990"]
[BlackElo "2218"]
[PlyCount "78"]
[EventDate "2013.09.29"]
[EventType "swiss"]
[EventRounds "9"]
[EventCountry "MNE"]
[SourceTitle "CBM 156 Extra"]
[Source "ChessBase"]
[SourceDate "2013.10.22"]
[SourceVersion "1"]
[SourceVersionDate "2013.10.22"]
[SourceQuality "1"]

1. d4 Nf6 2. c4 c5 3. d5 g6 4. Nc3 Bg7 5. e4 d6 6. Nf3 0-0 7. Be2 Na6 8. 0-0 e6 9. h3 Nc7 10. Bf4 e5 11. Be3 a6 12. Qc2 Qe8 13. b4 b6 14. bxc5 bxc5 15. Nd2 Nd7 16. Bd3 Nb8 17. Na4 f5 18. f3 f4 19. Bf2 Nd7 20. Rab1 g5 21. Qc3 Qg6 22. Qa5 Ne8 23. Nb6 Nxb6 24. Qxb6 Rf7 25. Qc6 Nc7 26. Rb6 Bf8 27. Qa4 h5 28. Bxc5 g4 29. hxg4 hxg4 30. fxg4 Bxg4 31. Rf2 Qh5 32. Bxd6 Rh7 33. Rf3 Qh2+ 34. Kf2 Bxf3 35. Nxf3 Qg3+ 36. Kg1 Rg7 37. Qc2 Qxf3 38. c5 Qe3+ 39. Kf1 Rh7 0-1

[Event "EU-ch U16 23rd"]
[Site "Budva"]
[Date "2013.09.30"]
[Round "2"]
[White "Garriga Cazorla, Pere"]
[Black "Tartakovsky, Daniel"]
[Result "1/2-1/2"]
[WhiteElo "2233"]
[BlackElo "1990"]
[PlyCount "143"]
[EventDate "2013.09.29"]
[EventType "swiss"]
[EventRounds "9"]
[EventCountry "MNE"]
[SourceTitle "CBM 156 Extra"]
[Source "ChessBase"]
[SourceDate "2013.10.22"]
[SourceVersion "1"]
[SourceVersionDate "2013.10.22"]
[SourceQuality "1"]

1. d4 Nf6 2. c4 g6 3. f3 d5 4. cxd5 Nxd5 5. e4 Nb6 6. Nc3 Bg7 7. Be3 0-0 8. Qd2 e5 9. d5 c6 10. d6 Be6 11. 0-0-0 N8d7 12. g4 Nf6 13. Bh6 Nbd7 14. h4 b5 15. Kb1 b4 16. Na4 Qa5 17. b3 Nb6 18. Nb2 Bxg4 19. Bxg7 Kxg7 20. Qg2 Nxe4 21. fxe4 Bxd1 22. Nxd1 Qc5 23. h5 Rad8 24. Nf3 Rxd6 25. Qc2 Qxc2+ 26. Kxc2 Rfd8 27. Ne3 f6 28. Rg1 Kf7 29. Be2 a5 30. Ng4 g5 31. Rf1 Ke8 32. Ne3 Ra8 33. Rd1 Rxd1 34. Bxd1 a4 35. Kb2 axb3 36. axb3 Rd8 37. Be2 Nd7 38. Kc2 Nc5 39. Nd2 Ne6 40. Bg4 Nd4+ 41. Kc1 Ra8 42. Kb2 Rd8 43. Kc1 Nxb3+ 44. Nxb3 Rd3 45. Bd7+ Rxd7 46. Kc2 Ra7 47. Kb2 Kf7 48. Nf5 Rd7 49. Nc5 Rd2+ 50. Kb3 Rh2 51. Nh6+ Kf8 52. Ng4 Rxh5 53. Nxf6 Rh3+ 54. Kxb4 Ke7 55. Ng4 Kd6 56. Nb7+ Kc7 57. Nc5 Kd6 58. Nb7+ Kc7 59. Nc5 h5 60. Nxe5 g4 61. Nc4 g3 62. Ne6+ Kc8 63. Nf4 Rh2 64. Ne3 h4 65. e5 h3 66. Kc5 g2 67. Nxh3 Rxh3 68. Nxg2 Kc7 69. Nf4 Rh4 70. Ne6+ Kd7 71. Nd4 Rxd4 72. Kxd4 1/2-1/2

[Event "Jerusalem Japhet Memorial op"]
[Site "Jerusalem"]
[Date "2013.08.10"]
[Round "5"]
[White "Tartakovsky, Daniel"]
[Black "Flom, Gabriel"]
[Result "0-1"]
[WhiteElo "1938"]
[BlackElo "2438"]
[PlyCount "94"]
[EventDate "2013.08.04"]
[EventType "swiss"]
[EventRounds "5"]
[EventCountry "ISR"]
[SourceTitle "EXT 2019"]
[Source "ChessBase"]
[SourceDate "2018.10.10"]
[SourceVersion "1"]
[SourceVersionDate "2018.10.10"]
[SourceQuality "1"]

1. d4 Nf6 2. c4 c5 3. d5 e6 4. Nc3 exd5 5. cxd5 d6 6. Nf3 g6 7. g3 Bg7 8. Bg2 0-0 9. 0-0 Re8 10. Nd2 a6 11. a4 Nbd7 12. h3 Nh5 13. Nce4 Ndf6 14. Nc3 Bd7 15. Nc4 Qe7 16. Nb6 Rad8 17. Nxd7 Nxd7 18. e4 c4 19. g4 Nhf6 20. Be3 Rc8 21. f4 Nc5 22. Bxc5 Rxc5 23. Re1 Qc7 24. Qd2 Nd7 25. Kh1 Qa5 26. Rad1 Rcc8 27. e5 dxe5 28. d6 exf4 29. Re7 Bxc3 30. bxc3 Qxa4 31. Bxb7 Rb8 32. Qd5 Rxe7 33. dxe7 Nf6 34. Qd8+ Ne8 35. Bxa6 Qc6+ 36. Kg1 Qf3 37. Bb5 Qg3+ 38. Kf1 Qxh3+ 39. Kf2 Qh2+ 40. Kf1 f3 41. Rd2 Qg3 42. g5 h5 43. gxh6 Qh3+ 44. Kg1 Qg3+ 45. Kf1 Kh7 46. Rf2 Rxb5 47. Qd1 Qh3+ 0-1

[Event "Maccabiah op"]
[Site "Jerusalem"]
[Date "2013.07.23"]
[Round "3"]
[White "Rositsan, Boris"]
[Black "Tartakovsky, Daniel"]
[Result "0-1"]
[WhiteElo "2145"]
[BlackElo "1950"]
[PlyCount "98"]
[EventDate "2013.07.21"]
[EventType "swiss"]
[EventRounds "9"]
[EventCountry "ISR"]
[SourceTitle "EXT 2014"]
[Source "ChessBase"]
[SourceDate "2013.11.20"]
[SourceVersion "1"]
[SourceVersionDate "2013.11.20"]
[SourceQuality "1"]

1. d4 Nf6 2. Nf3 g6 3. c3 Bg7 4. Bg5 d5 5. Nbd2 0-0 6. e3 b6 7. Ne5 Bb7 8. Bxf6 exf6 9. Nd3 Re8 10. Be2 f5 11. h4 h5 12. Qb3 Nd7 13. 0-0-0 Nf8 14. Nf4 Ne6 15. g3 c6 16. Rdg1 Qc7 17. Bf3 Rac8 18. Kb1 a5 19. c4 dxc4 20. Qxc4 b5 21. Qc2 c5 22. d5 Nxf4 23. gxf4 c4 24. d6 Qd7 25. Rd1 Bxf3 26. Nxf3 Re6 27. Ne5 Bxe5 28. fxe5 Rxe5 29. Rd4 Rc6 30. Rhd1 Re6 31. a4 b4 32. Rxc4 Rxc4 33. Qxc4 Rxd6 34. Rd4 Rxd4 35. exd4 Qxa4 36. b3 Qe8 37. Kc2 Qe4+ 38. Kd2 Qxh4 39. Ke1 Qh1+ 40. Ke2 Qe4+ 41. Kf1 h4 42. Qc5 h3 43. Qd6 Qg2+ 44. Ke2 h2 45. Qb8+ Kh7 46. Qc7 Qe4+ 47. Kd2 Qxd4+ 48. Ke2 h1Q 49. Qxf7+ Qg7 0-1